Mémoire sur la classification chronogique des formations / (Record no. 189621)

MARC details
000 -LEADER
campo de control de longitud fija 00728nam a2200169 i 4500
001 - NÚMERO DE CONTROL
campo de control 189621
003 - IDENTIFICADOR DE NÚMERO DE CONTROL
campo de control ES-MaACL
005 - FECHA Y HORA DE LA ÚLTIMA TRANSACCIÓN
campo de control 20230906223521.0
008 - DATOS DE LONGITUD FIJA--INFORMACIÓN GENERAL
campo de control de longitud fija 190703q1874 fr |||| | fre d
100 1# - ENTRADA PRINCIPAL--NOMBRE DE PERSONA
Nombre de persona Beguyer de Chancourtois, Alexandre-Emile.
9 (RLIN) 27043
245 10 - MENCIÓN DEL TÍTULO
Título Mémoire sur la classification chronogique des formations /
Mención de responsabilidad, etc. par M. A.-E.-B. de Chancourtois.
260 ## - PUBLICACIÓN, DISTRIBUCIÓN, ETC.
Lugar de publicación, distribución, etc. Paris :
Nombre del editor, distribuidor, etc. Gauthier-Villars, Imp.-Lib.,
Fecha de publicación, distribución, etc. [1874]
300 ## - DESCRIPCIÓN FÍSICA
Extensión 4 p. ;
Dimensiones 27 cm.
650 04 - PUNTO DE ACCESO ADICIONAL DE MATERIA--TÉRMINO DE MATERIA
Término de materia o nombre geográfico como elemento de entrada Geocronología.
9 (RLIN) 13067
650 #4 - PUNTO DE ACCESO ADICIONAL DE MATERIA--TÉRMINO DE MATERIA
Término de materia o nombre geográfico como elemento de entrada Estratigrafía.
9 (RLIN) 136064
852 ## - LOCALIZACIÓN
Ubicación ES-MaACL
Número de control de estantería L-32451(8)
Nota libre - Enc. cart.
-- . - Legado Federico de Botella y de Hornos
-- - Enc. en un vol. facticio, con tít. en el lomo de: Rapport sur les progrés de la stratigraphie
Holdings
Estatus retirado Estado de pérdida Estado de daño No para préstamo Colección Biblioteca de origen Biblioteca actual Ubicación en estantería Fecha de adquisición Fuente de adquisición Total de préstamos Signatura topográfica completa Código de barras Visto por última vez Precio de reemplazo Tipo de ítem Koha
        Libros del s. XIX Biblioteca del Ateneo de Madrid Biblioteca del Ateneo de Madrid Depósito 2 03/07/2019     L-32451(8) 1200984 23/02/2023 23/02/2023 Libro impreso antiguo